Combination of hydrogenation and isomerization of NR using palladium catalyst (Record no. 55859)

MARC details
000 -LEADER
fixed length control field 00565nam a2200205Ia 4500
100 ## - MAIN ENTRY--AUTHOR NAME
Personal name Hinchiranan N
245 #0 - TITLE STATEMENT
Title Combination of hydrogenation and isomerization of NR using palladium catalyst
260 ## - PUBLICATION, DISTRIBUTION, ETC. (IMPRINT)
Name of publisher Kautschuk Gummi Kunststoffe
Year of publication 2008
300 ## - PHYSICAL DESCRIPTION
Number of Pages 246-249
650 ## - SUBJECT ADDED ENTRY--TOPICAL TERM
Topical Term Catalyst
650 ## - SUBJECT ADDED ENTRY--TOPICAL TERM
Topical Term Cis-trans isomerisation
650 ## - SUBJECT ADDED ENTRY--TOPICAL TERM
Topical Term Hydrogenation
650 ## - SUBJECT ADDED ENTRY--TOPICAL TERM
Topical Term Palladium
700 ## - ADDED ENTRY--PERSONAL NAME
Personal name Chittapanyapong O
700 ## - ADDED ENTRY--PERSONAL NAME
Personal name Prasassarakich P
700 ## - ADDED ENTRY--PERSONAL NAME
Personal name Rempel G L
700 ## - ADDED ENTRY--PERSONAL NAME
Personal name Saelao W
942 ## - ADDED ENTRY ELEMENTS (KOHA)
Koha item type Journals
Holdings
Withdrawn status Lost status Damaged status Not for loan Home library Current library Shelving location Date acquired Serial Enumeration / chronology Koha item type
      Journals RRII Library RRII Library Rubber technology 19/06/2008 Volume 61, Issue 5 Journals